Statistics for Top 15 NFL Quarterbacks of All Time

Click here to take the quiz!

General Stats

  • This quiz has been taken 134 times
  • The average score is 12 of 15

Answer Stats

RankTeamAnswer% Correct
1.PatriotsTom Brady
98%
8.PackersAaron Rodgers
97%
5.PackersBrett Favre
97%
7.DolphinsDan Marino
97%
3.ColtsPeyton Manning
97%
6.SaintsDrew Brees
95%
2.49ersJoe Montana
95%
12.49ersSteve Young
89%
9.BroncosJohn Elway
88%
4.ColtsJohnny Unitas
78%
15.OilersWarren Moon
76%
11.CowboysRodger Staubach
69%
13.VikingsFran Tarkenton
67%
10.BrownsOtto Graham
61%
14.RedskinsSammy Baugh
44%

Score Distribution

Percentile by Number Answered

Percent of People with Each Score

Your Score History

You have not taken this quiz